00402 a2200145 4500003000400000005001700004008004100021020001800062040000900080082001500089100002100104245009800125260002400223300000900247OSt20231123115201.0231123b |||||||| |||| 00| 0 eng d a9789355325556 coclc a540bAGR/S aAgrahari, Ravi P aScience and Technology for Civil Services Preliminary and main examination /cRavi P Agrahari bMcgraw hill,c2024. a634p